01828nam a22003137a 4500003000400000005001700004008004100021040002200062082001600084110004500100245014700145260005500292300001900347490002400366505001400390505038200404505014500786505006200931505012000993505001801113505002301131650004801154650005801202650004801260650004601308650004601354650006201400651005201462OSt20230816090739.0220929b |||||||| |||| 00| 0 eng d cBiblioteca Lado V a001.3bU58i aUniversidad Nacional (Costa Rica)eautor aÍstmica/brevista de la Facultad de Filosofía y Letras, Universidad Nacional, UNA, Facultad de Filosofía y Letras, Universidad Nacional/ bFacultad de Filosofía y Letrasc2017aCosta Rica a154p.c16x24cm v2017a20x1023-0890 aEditorial aCrónica literaria: volver a las fuentes centroamericanastLa crónica modernista centroamericana y sus posibilidades editoriales: tres obras que merecen una edición crítica. Enrique Gómez Carrillo, un viaje a las trincheras (1914-1915) Los bordes de la escritura: la crónica modernista de Arturo Ambrogi Rubén Darío, lo fantástico y la Revolución Mexicana aArtes VisualesrHaydée Arango MiliántHistoria y Arte en la plástica de Cuba y Puerto Rico: puentes entre dos tiempos, entre dos aguas aLiteraturatEcos de la diáspora africanarCarol Britton aVariatVoces y registros anticanónicos de la posguerra La prensa temprana en la era digital: contexto y recursos aColaboradores aNormas Editoriales 2Tesauro de Arte & ArquitecturaaHUMANIDADES 2Tesauro de Arte & ArquitecturaaEDUCACION HUMANISTICA 2Tesauro de Arte & ArquitecturaaLITERATURA  2Tesauro de Arte & ArquitecturaaFILOSOFIA 2Tesauro de Arte & ArquitecturaaIDENTIDAD 2Tesauro de Arte & ArquitecturaaPUBLICACIONES PERIODICAS  2Tesauro de Arte & ArquitecturaaAMERICA CENTRAL